Nông nghiệp Hàn Quốc trên đường phát triển

Cuốn sách tập trung phân tích và đánh giá một cách toàn diện tiến trình phát triển nông nghiệp của Hàn Quốc từ truyền thống đến hiện đại.

Đã lưu trong:
Sonraí Bibleagrafaíochta
Príomhúdar: Trần, Quang Minh
Formáid: Leabhar
Teanga:Undetermined
Foilsithe: Hà Nội Từ điển Bách khoa 2010
Ábhair:
Clibeanna: Cuir Clib Leis
Gan Chlibeanna, Bí ar an gcéad duine leis an taifead seo a chlibeáil!
Thư viện lưu trữ: Trung tâm Học liệu Trường Đại học Cần Thơ
LEADER 00884nam a2200217Ia 4500
001 CTU_226433
008 210402s9999 xx 000 0 und d
020 |c 30000 
082 |a 338.1 
082 |b M312 
100 |a Trần, Quang Minh 
245 0 |a Nông nghiệp Hàn Quốc trên đường phát triển 
245 0 |c Trần, Quang Minh (Chủ biên) 
260 |a Hà Nội 
260 |b Từ điển Bách khoa 
260 |c 2010 
520 |a Cuốn sách tập trung phân tích và đánh giá một cách toàn diện tiến trình phát triển nông nghiệp của Hàn Quốc từ truyền thống đến hiện đại. 
650 |a Nông nghiệp,Agriculture 
650 |x Khía cạnh kinh tế,Economic aspects 
910 |b nthai 
980 |a Trung tâm Học liệu Trường Đại học Cần Thơ